Регионална библиотека "Любен Каравелов" - Русе

Автоматизация и роботизация в мебелната промишленост (Запис номер 117278)

MARC детайли
000 -Лидер
Контролно поле с фиксирана дължина 01671nam a2200349 c 4500
003 - Код на организацията, давaща контролен номер
Контролно поле BLK
005 - Дата и час на последна редакция
Контролно поле 20180422110439.0
008 - Елементи от данни с фиксирана дължина
fixed length control field 180409b bul|||||r ||||||| ||bul||
010 ## - Наследен системен номер
LC control number KNG00122864000
040 ## - Източник на каталожния запис
Идентификатор на билиотеката - собственик на записа BLK
041 ## - Код за език
Код за езика на текст/звукозапис или на отделно заглавие Български
Код за езика КДБФ Български
080 ## - УДК
Текстов определител УДК Мебелно производство. Тапицерство
УДК код - определител по УДК 684
УДК определител (035)
УДК - код + определител 684(035)
100 1# - Редна дума - Автор
Автор Шехтов, Христо Константинов
Авторска отговорност първи автор
R(LIN) 315135
139 ## - Редно поле
Редна дума Автоматизация и роботизация в мебелната промишленост
Авторски знак Авт - А 22
245 10 - Сведения за заглавието
Заглавие Автоматизация и роботизация в мебелната промишленост
Подзаглавни данни Ръководство
Редно поле (дума) Христо Константинов Шехтов; под ред. на Христо Константинов Шехтов.
257 ## - Страна на издаване
Страна на създаване/издаване България
260 ## - Област на издателските данни
-- София
Име на издателя, разпространителя и проч. Земиздат
Година на издаване 1989
Печатница Хасково : Ат. Стратиев
300 ## - Физическа характеристика
Страници 191 с.
Илюстрации и др. с табл., ил., черт.
Размери/Мащаб 20 см
380 ## - Жанр
Жанр Техника
500 ## - Общи забележки
Забележка Други авт. : Н. С. Делийски, Г. Г. Георгиев, Б. С. Вичев.
650 #4 - Допълнително описание по предмет – тема
Основно описание – тема или топоним Мебелна промишленост
9 (RLIN) 249309
650 #4 - Допълнително описание по предмет – тема
Основно описание – тема или топоним Автоматизация
9 (RLIN) 146267
653 ## - Ключова дума – ненормативна
Ключова дума автоматизация
653 ## - Ключова дума – ненормативна
Ключова дума роботи
653 ## - Ключова дума – ненормативна
Ключова дума мебелна промишленост
700 1# - Други автори (авторска отговорност)
Лично име Шехтов, Христо Константинов
Автороска отговорност (Описва отношението между автора и произведението) под ред. на
9 (RLIN) 376503
852 ## - Местоположение
Форматна сигнатура Цб 160580
856 4# - Електронен адрес и достъп
Електронен формат pdf - файл
Път до файла /url/
856 4# - Електронен адрес и достъп
Електронен формат pdf - файл
Път до файла /url/
942 ## - АРТИКУЛИ
Вид на библиотечния материал Книги
Скрит в OPAC Не
944 ## - СЪЗДАВАНЕ И РЕДАКЦИЯ на ЗАПИСА
Създаване/Редакция Създаване
Дата на регистрацията/редакция 14.04.2011
Статус, дата на статуса добави в АБ / 13.04.2011
Служител, извършил регистрацията/редакцията Людмила_Стоянова
944 ## - СЪЗДАВАНЕ И РЕДАКЦИЯ на ЗАПИСА
Създаване/Редакция Редакция
Дата на регистрацията/редакция 14.04.2011
Статус, дата на статуса добави в АБ / 13.04.2011
Служител, извършил регистрацията/редакцията
999 ## - СИСТЕМНИ КОНТРОЛНИ НОМЕРА
Koha biblionumber 117278
Koha biblioitemnumber 117278
Наличности
Код за отписване Код за изгубен артикул Източник на класификационната схема Код за повреда Коз за рестрикции Код за отдаване Артикулен № Име на библиотеката - собственик Име на библиотеката, в която се намира в момента Статус (Текущо местоположение) Дата на вписване в системата Местоположение - отдел Цена в лева Инвентарен номер Систематично азбучна сигнатура Баркод Номер на екземпляра Цена в евро Служебна бележка Служебен тип на артикула
  Не е изгубен Universal Decimal Classification Не е повреден без рестрикции ползва се в читалня 189035 Регионална библиотека "Любен Каравелов" Русе Регионална библиотека "Любен Каравелов" Русе Хранилище 1989-01-01 Хранилище 1.63 526099 Цб 160580 120000526099 1 0.83 Дост: Dp Вид: Д N: стар фонд Дата: 01.01.1989 Книги
Изтеглен Не е изгубен Universal Decimal Classification Не е повреден без рестрикции заемане за дома 189036 Регионална библиотека "Любен Каравелов" Русе Регионална библиотека "Любен Каравелов" Русе Заемна - подръчен фонд 1989-01-01 Заемна - подръчен фонд 1.63 531060 П 684/А 22 531060 2 0.83 Дост: Pk Вид: Ф N: стар фонд Дата: 01.01.1989 Книги
Vip Innovations Ltd, Rousse, Bulgaria 2025